| Tag |
First Indicator |
Second Indicator |
Subfields |
| LEADER |
00000cas a2200000 a 4500 |
| 001 |
in00000051224 |
| 007 |
ta |
| 008 |
921105u1963uuuuja gr 1 a0eng d |
| 005 |
20250305210252.1 |
| 016 |
7 |
|
|a 013391755
|2 DE-101
|
| 016 |
7 |
|
|a 594099-0
|2 DE-600
|
| 016 |
7 |
|
|a 007876376
|2 Uk
|
| 019 |
|
|
|a 1063913513
|
| 022 |
0 |
|
|a 0074-8900
|
| 029 |
1 |
|
|a GBVCP
|b 130348899
|
| 029 |
1 |
|
|a UKMGB
|b 007876376
|
| 035 |
|
|
|a (OCoLC)ocm26915207
|
| 035 |
|
|
|a (OCoLC)26915207
|z (OCoLC)1063913513
|
| 035 |
|
|
|a (OCoLC)ocm26915207
|
| 040 |
|
|
|a NRC
|b eng
|c NRC
|d GBVCP
|d UKMGB
|d OCLCQ
|d OCLCF
|d OCLCO
|d OCL
|d OCLCO
|d OCLCQ
|d OCLCO
|d OCLCQ
|d OCLCL
|d OCLCO
|
| 050 |
|
4 |
|a TL780
|b .I5
|
| 111 |
2 |
|
|a International Symposium on Space Technology and Science.
|
| 245 |
1 |
0 |
|a Proceedings of the ... International Symposium on Space Technology and Science.
|
| 264 |
|
1 |
|a Tokyo, Japan :
|b Printed and distributed by AGNE Corp.,
|c 1964-
|
| 300 |
|
|
|a volumes :
|b illustrations ;
|c 26 cm
|
| 336 |
|
|
|a text
|b txt
|2 rdacontent
|
| 337 |
|
|
|a unmediated
|b n
|2 rdamedia
|
| 338 |
|
|
|a volume
|b nc
|2 rdacarrier
|
| 362 |
0 |
|
|a 5th (1963)-
|
| 550 |
|
|
|a Symposia for 1963- sponsored by Japanese Rocket Society.
|
| 650 |
|
0 |
|a Rockets (Aeronautics)
|v Congresses.
|
| 650 |
|
0 |
|a Space sciences
|v Congresses.
|
| 650 |
|
7 |
|a Rockets (Aeronautics)
|2 fast
|
| 650 |
|
7 |
|a Space sciences
|2 fast
|
| 655 |
|
7 |
|a Conference papers and proceedings
|2 fast
|
| 710 |
2 |
|
|a Nihon Roketto Kyōkai.
|1 https://id.oclc.org/worldcat/entity/E39QH7JmpbHyDWJ4FpC3q3twxt
|
| 780 |
0 |
0 |
|a International Symposium on Rockets and Astronautics.
|t Proceedings
|w (OCoLC)26915379
|
| 948 |
|
|
|h NO HOLDINGS IN TXA - 17 OTHER HOLDINGS
|
| 994 |
|
|
|a Z0
|b TXA
|
| 999 |
f |
f |
|s b9e932bc-6f77-3987-83f5-7227c30ad24b
|i 2364f0e9-2c05-34be-a065-7efaf2f38af8
|t 0
|
| 952 |
f |
f |
|a Texas A&M University
|b Rellis Campus
|c Joint Library Facility
|d Remote Storage
|e TL780 .I5
|h Library of Congress classification
|i unmediated -- volume
|k 5th
|l 1963
|m A14820192662
|p ric
|s JLF
|t 0
|
| 952 |
f |
f |
|a Texas A&M University
|b Rellis Campus
|c Joint Library Facility
|d Remote Storage
|e TL780 .I5
|h Library of Congress classification
|i unmediated -- volume
|k 19th
|l 1994
|m A14821192364
|p ric
|s JLF
|t 0
|
| 952 |
f |
f |
|a Texas A&M University
|b Rellis Campus
|c Joint Library Facility
|d Remote Storage
|e TL780 .I5
|h Library of Congress classification
|i unmediated -- volume
|k 21st:Suppl.
|l 1998
|m A14823847339
|p ric
|s JLF
|t 0
|
| 952 |
f |
f |
|a Texas A&M University
|b Rellis Campus
|c Joint Library Facility
|d Remote Storage
|e TL780 .I5
|h Library of Congress classification
|i unmediated -- volume
|k 22nd:v.2
|l 2000
|m A14827187464
|p ric
|s JLF
|t 0
|
| 952 |
f |
f |
|a Texas A&M University
|b Rellis Campus
|c Joint Library Facility
|d Remote Storage
|e TL780 .I5
|h Library of Congress classification
|i unmediated -- volume
|k 12th
|l 1977
|m A14820192303
|p ric
|s JLF
|t 0
|
| 952 |
f |
f |
|a Texas A&M University
|b Rellis Campus
|c Joint Library Facility
|d Remote Storage
|e TL780 .I5
|h Library of Congress classification
|i unmediated -- volume
|k 20th:v.2
|l 1996
|m A14820484784
|p ric
|s JLF
|t 0
|
| 952 |
f |
f |
|a Texas A&M University
|b Rellis Campus
|c Joint Library Facility
|d Remote Storage
|e TL780 .I5
|h Library of Congress classification
|i unmediated -- volume
|k 23rd:v.1
|l 2002
|m A14831421503
|p ric
|s JLF
|t 0
|
| 952 |
f |
f |
|a Texas A&M University
|b Rellis Campus
|c Joint Library Facility
|d Remote Storage
|e TL780 .I5
|h Library of Congress classification
|i unmediated -- volume
|k 9th
|l 1971
|m A14808306708
|p ric
|s JLF
|t 0
|
| 952 |
f |
f |
|a Texas A&M University
|b Rellis Campus
|c Joint Library Facility
|d Remote Storage
|e TL780 .I5
|h Library of Congress classification
|i unmediated -- volume
|k 10th
|l 1973
|m A14820192816
|p ric
|s JLF
|t 0
|
| 952 |
f |
f |
|a Texas A&M University
|b Rellis Campus
|c Joint Library Facility
|d Remote Storage
|e TL780 .I5
|h Library of Congress classification
|i unmediated -- volume
|k 20th:v.1
|l 1996
|m A14820484734
|p ric
|s JLF
|t 0
|
| 952 |
f |
f |
|a Texas A&M University
|b Rellis Campus
|c Joint Library Facility
|d Remote Storage
|e TL780 .I5
|h Library of Congress classification
|i unmediated -- volume
|k 21st:v.1
|l 1998
|m A14823847232
|p ric
|s JLF
|t 0
|
| 952 |
f |
f |
|a Texas A&M University
|b Rellis Campus
|c Joint Library Facility
|d Remote Storage
|e TL780 .I5
|h Library of Congress classification
|i unmediated -- volume
|k 7th
|l 1967
|m A14816935317
|p ric
|s JLF
|t 0
|
| 952 |
f |
f |
|a Texas A&M University
|b Rellis Campus
|c Joint Library Facility
|d Remote Storage
|e TL780 .I5
|h Library of Congress classification
|i unmediated -- volume
|k 21st:v.2
|l 1998
|m A14823847282
|p ric
|s JLF
|t 0
|
| 952 |
f |
f |
|a Texas A&M University
|b Rellis Campus
|c Joint Library Facility
|d Remote Storage
|e TL780 .I5
|h Library of Congress classification
|i unmediated -- volume
|k 23rd:v.2
|l 2002
|m A14831421545
|p ric
|s JLF
|t 0
|
| 952 |
f |
f |
|a Texas A&M University
|b Rellis Campus
|c Joint Library Facility
|d Remote Storage
|e TL780 .I5
|h Library of Congress classification
|i unmediated -- volume
|k 6th
|l 1965
|m A14820192719
|p ric
|s JLF
|t 0
|
| 952 |
f |
f |
|a Texas A&M University
|b Rellis Campus
|c Joint Library Facility
|d Remote Storage
|e TL780 .I5
|h Library of Congress classification
|i unmediated -- volume
|k 16th:v.1
|l 1988
|m A14815409046
|p ric
|s JLF
|t 0
|
| 952 |
f |
f |
|a Texas A&M University
|b Rellis Campus
|c Joint Library Facility
|d Remote Storage
|e TL780 .I5
|h Library of Congress classification
|i unmediated -- volume
|k 18th:v.1
|l 1992
|m A14820191713
|p ric
|s JLF
|t 0
|
| 952 |
f |
f |
|a Texas A&M University
|b Rellis Campus
|c Joint Library Facility
|d Remote Storage
|e TL780 .I5
|h Library of Congress classification
|i unmediated -- volume
|k 20th:Papers
|l 1996
|m A14820484069
|p ric
|s JLF
|t 0
|
| 952 |
f |
f |
|a Texas A&M University
|b Rellis Campus
|c Joint Library Facility
|d Remote Storage
|e TL780 .I5
|h Library of Congress classification
|i unmediated -- volume
|k 14th
|l 1984
|m A14809321777
|p ric
|s JLF
|t 0
|
| 952 |
f |
f |
|a Texas A&M University
|b Rellis Campus
|c Joint Library Facility
|d Remote Storage
|e TL780 .I5
|h Library of Congress classification
|i unmediated -- volume
|k 15th:v.2
|l 1986
|m A14809839827
|p ric
|s JLF
|t 0
|
| 952 |
f |
f |
|a Texas A&M University
|b Rellis Campus
|c Joint Library Facility
|d Remote Storage
|e TL780 .I5
|h Library of Congress classification
|i unmediated -- volume
|k 25th
|l 2006
|m A14834008825
|p ric
|s JLF
|t 0
|
| 952 |
f |
f |
|a Texas A&M University
|b Rellis Campus
|c Joint Library Facility
|d Remote Storage
|e TL780 .I5
|h Library of Congress classification
|i unmediated -- volume
|k 13th
|l 1982
|m A14808209558
|p ric
|s JLF
|t 0
|
| 952 |
f |
f |
|a Texas A&M University
|b Rellis Campus
|c Joint Library Facility
|d Remote Storage
|e TL780 .I5
|h Library of Congress classification
|i unmediated -- volume
|k 15th:v.1
|l 1986
|m A14809839819
|p ric
|s JLF
|t 0
|
| 952 |
f |
f |
|a Texas A&M University
|b Rellis Campus
|c Joint Library Facility
|d Remote Storage
|e TL780 .I5
|h Library of Congress classification
|i unmediated -- volume
|k 22nd:v.1
|l 2000
|m A14827187422
|p ric
|s JLF
|t 0
|
| 952 |
f |
f |
|a Texas A&M University
|b Rellis Campus
|c Joint Library Facility
|d Remote Storage
|e TL780 .I5
|h Library of Congress classification
|i unmediated -- volume
|k 24th
|l 2004
|m A14831421587
|p ric
|s JLF
|t 0
|
| 952 |
f |
f |
|a Texas A&M University
|b Rellis Campus
|c Joint Library Facility
|d Remote Storage
|e TL780 .I5
|h Library of Congress classification
|i unmediated -- volume
|k 17th:v.1
|l 1990
|m A14815409193
|p ric
|s JLF
|t 0
|
| 952 |
f |
f |
|a Texas A&M University
|b Rellis Campus
|c Joint Library Facility
|d Remote Storage
|e TL780 .I5
|h Library of Congress classification
|i unmediated -- volume
|k 16th:v.2
|l 1988
|m A14815409143
|p ric
|s JLF
|t 0
|
| 952 |
f |
f |
|a Texas A&M University
|b Rellis Campus
|c Joint Library Facility
|d Remote Storage
|e TL780 .I5
|h Library of Congress classification
|i unmediated -- volume
|k 11th
|l 1975
|m A14820192256
|p ric
|s JLF
|t 0
|
| 952 |
f |
f |
|a Texas A&M University
|b Rellis Campus
|c Joint Library Facility
|d Remote Storage
|e TL780 .I5
|h Library of Congress classification
|i unmediated -- volume
|k 22nd
|l 2000
|m A14827187278
|p ric
|s JLF
|t 0
|
| 952 |
f |
f |
|a Texas A&M University
|b Rellis Campus
|c Joint Library Facility
|d Remote Storage
|e TL780 .I5
|h Library of Congress classification
|i unmediated -- volume
|k 8th
|l 1969
|m A14820192769
|p ric
|s JLF
|t 0
|
| 952 |
f |
f |
|a Texas A&M University
|b Rellis Campus
|c Joint Library Facility
|d Remote Storage
|e TL780 .I5
|h Library of Congress classification
|i unmediated -- volume
|k 17th:v.2
|l 1990
|m A14815409240
|p ric
|s JLF
|t 0
|
| 952 |
f |
f |
|a Texas A&M University
|b Rellis Campus
|c Joint Library Facility
|d Remote Storage
|e TL780 .I5
|h Library of Congress classification
|i unmediated -- volume
|k 18th:v.2
|l 1992
|m A14820191763
|p ric
|s JLF
|t 0
|
| 998 |
f |
f |
|a TL780 .I5
|s 5th-25th (1963-2006)
|t 0
|l Remote Storage
|